00471nam a2200145 a 450000100100000000500170001000800410002704000250006810000200009324500990011326000370021230000210024950400280027070000270029800004414520201002045157.0140602s1998 dr 000 0 spa d aDO-SdBNPbspacBNPHU1 aCavallo, Leonor10aTaller de redacción 2000 para la educación media /cLeonor Cavallo, Margarita Hernández. aSanto Domingo :bSusaeta,c1998. a112 p. ;c26 cm. aBibliografía : p. 10912aHernández, Margarita